000 00692nam a2200241Ia 4500
003 OSt
005 20220930202710.0
006 a|||||r|||| 00| 0
007 ta
008 220926b |||||||| |||| 00| 0 hin d
024 _a54180
037 _cDissertations
040 _aCRL
_cCRL
_bhin
041 _2hin
_ahin
100 _aSharma K. B.
_9565056
110 _aUniversity of Delhi. Faculty of Arts. Department of Hindi
245 0 _aMahavir Prasad Dwivedi ka prayogik adhyayan
260 _c1973
650 _aHINDI LITERATURE
_923866
700 _aUniversity of Delhi. Faculty of Arts. Department of Hindi
942 _cDIS
_2CC
999 _c903515
_d903515